|
|
|
|
| LEADER |
00000nas a2200000 a 4500 |
| 001 |
ssj0000396357 |
| 003 |
WaSeSS |
| 005 |
20200512172242.0 |
| 006 |
m d |
| 007 |
cr n |
| 008 |
071002c20049999sp ar s 0 b0spa c |
| 010 |
|
|
|a 2010233996
|
| 022 |
|
|
|a 1698-7454
|l 1698-7454
|
| 035 |
|
|
|a (WaSeSS)ssj0000396357
|
| 040 |
|
|
|a AFU
|b eng
|c AFU
|d OCLCQ
|d GUA
|d CUS
|d OCLCQ
|d OCLCF
|d OCL
|d OCLCO
|d OCLCQ
|d CUS
|d AU@
|d WaSeSS
|
| 041 |
1 |
|
|a spa
|a eng
|
| 042 |
|
|
|a pcc
|
| 050 |
1 |
4 |
|a MT1
|
| 210 |
0 |
|
|a Rev. electrón. complut. investig. educ. music.
|
| 222 |
|
0 |
|a Revista electrónica complutense de investigación en educación musical
|
| 245 |
0 |
0 |
|a Revista electrónica complutense de investigación en educación musical
|h [electronic resource].
|
| 246 |
1 |
|
|a RECIEM
|
| 260 |
|
|
|a Madrid :
|b Departamento de Expresión Musical y Corporal, Universidad Complutense de Madrid,
|c 2004-
|
| 310 |
|
|
|a Annual
|
| 362 |
0 |
|
|a Vol. 1 (2004)-
|
| 500 |
|
|
|a Title from journal home page (publisher's Web site, viewed Sept. 28, 2007).
|
| 506 |
|
|
|a License restrictions may limit access.
|
| 538 |
|
|
|a Mode of access: World Wide Web.
|
| 546 |
|
|
|a Articles in Spanish or English.
|
| 588 |
|
|
|a Latest issue consulted: Vol. 5 (2008) (viewed Nov. 10, 2010).
|
| 650 |
|
0 |
|a Music
|x Instruction and study
|v Periodicals.
|
| 650 |
|
0 |
|a Music
|v Periodicals.
|
| 650 |
|
7 |
|a Music
|2 fast
|0 (OCoLC)fst01030269
|
| 650 |
|
7 |
|a Music
|x Instruction and study.
|2 fast
|0 (OCoLC)fst01030347
|
| 655 |
|
0 |
|a Electronic journals.
|
| 710 |
2 |
|
|a Universidad Complutense de Madrid.
|b Departamento de Expresión Musical y Corporal.
|
| 856 |
4 |
0 |
|z Full text available from PRISMA Database with HAPI Index: 01/01/2004 to 01/31/2016
|u https://search.proquest.com/publication/85346
|